Comunicación y parlamento /
Uloženo v:
| Hlavní autor: | |
|---|---|
| Médium: | Text |
| Témata: | |
| Tagy: |
Přidat tag
Žádné tagy, Buďte první, kdo vytvoří štítek k tomuto záznamu!
|
MARC
| LEADER | 00000 a a2200000 04500 | ||
|---|---|---|---|
| 001 | 17129 | ||
| 003 | |||
| 040 | |||
| 100 | |a Solano Solano, Belisario | ||
| 245 | |a Comunicación y parlamento / |c Belisario Solano Solano | ||
| 650 | |a COMUNICACION | ||
| 650 | |a PARLAMENTO | ||
| 650 | |a LIBERALIZACION DEL INTERCAMBIO | ||
| 650 | |a SOCIEDAD | ||
| 650 | |a ORGANIZACIONES POPULARES | ||
| 650 | |a MEDIOS DE COMUNICACION | ||
| 650 | |a DEMOCRACIA | ||
| 773 | |g volumen 7, número 1; páginas 589-607 | ||
| 999 | |c 21500 |d 21500 | ||
